00910nam a2200313 a 4500003000900000005001700009008004100026020001800067040001300085100002300098245004600121250001200167260005000179300002000229500005200249500003300301650001500334650000900349650002300358650001900381650002000400650001700420650003400437650002300471650002200494655001500516700003300531700003200564AR-BaBNM20251128205603.0082120s2002 ||||||||||||||000 | spa|| a84-7509-676-X cAR-BaBNM1 aSchifano, Laurence00aLuchino Viscontibel fuego de la pasión a1ª ed. aBarcelonabEdiciones Paidós Ibéricac1991 a388 p.bláms. aContiene referencias bibliográficas en p. 371 aIndice analítico en p. 375 4aBIOGRAFIAS 4aCINE 4aARTE CONTEMPORANEO 4aARTES VISUALES 4aARTES ESCENICAS 4aARTE EUROPEO 4aREALIZADORES CINEMATOGRAFICOS 4aDIRECTORES DE CINE 4aHISTORIA DEL ARTE aBIOGRAFIAS1 aAckerman, Vivianaetraductor1 aWolfson, Leandroetraductor